| 000 | 00575nam a2200181 i 4500 | ||
|---|---|---|---|
| 001 | 46138 | ||
| 003 | ES-MaACL | ||
| 005 | 20250828084003.0 | ||
| 007 | t| | ||
| 008 | 030328s1956 sz ||||1| fre d | ||
| 111 | 0 | 0 |
_aConférence Internationale de l'Instruction Publique ( _n19ª. _d1956. _cGinebra) _9152 |
| 245 | 1 | 0 | _aProcés-verbaux des séances. |
| 260 |
_aGenève : _bBureau International d'Education, _c1956. |
||
| 300 |
_a163 p. ; _c24 cm. |
||
| 710 | 2 | 0 |
_aOficina Internacional de Educación _96022 |
| 852 |
_aES-MaACL _jC-12667 _bR.39492 |
||
| 999 |
_c46138 _d46138 |
||